| 000 | 00967cac a22002531u 4500 | ||
|---|---|---|---|
| 090 | _c1153 | ||
| 008 | 081204t 2005xxu||||| |||| 00| 0 eng d | ||
| 010 | _a2003109900 | ||
| 020 | _a0618345876 | ||
| 035 | _a(DLC) 2003109900 | ||
| 082 | 0 | 0 |
_a650.13 _bREE |
| 100 | _aReece, Barry L. | ||
| 245 | 1 | 0 |
_aEffective human relations : _bpersonal and organizational applications / _cBarry L. Reece, Rhonda Brandt. |
| 250 | _a9th ed. | ||
| 260 |
_aBoston : _bHoughton Mifflin, _cc2005. |
||
| 300 |
_axxiv, 493 p. : _bill. ; _c27 cm. |
||
| 504 | _aIncludes bibliographical references (p. 451-468) and indexes. | ||
| 650 | 0 | _aPsychology, Industrial. | |
| 650 | 0 | _aInterpersonal relations. | |
| 650 | 0 | _aPersonnel management. | |
| 700 | 1 | _aBrandt, Rhonda. | |
| 942 |
_cBB _k650.13REE _2ddc |
||
| 999 |
_c1153 _d1153 |
||